[Event "Madrid-chT 1920"]
[Site "Madrid"]
[Date "2019.11.24"]
[Round "1.3"]
[White "Mkrtchyan, Levon"]
[Black "Ruperez Benito, Antonio"]
[Result "1/2-1/2"]
[WhiteElo "2138"]
[BlackElo "2340"]
[PlyCount "87"]
[EventDate "2019.11.24"]
[EventType "team-tourn"]
[EventRounds "14"]
[EventCountry "ESP"]
[SourceVersionDate "2019.11.24"]
[WhiteTeam "Tajamar"]
[BlackTeam "Villalba 64"]
[WhiteTeamCountry "ESP"]
[BlackTeamCountry "ESP"]

1. e4 e6 2. d4 d5 3. Nc3 Bb4 4. e5 c5 5. a3 Bxc3+ 6. bxc3 Qa5 7. Qd2 Qa4 8.
dxc5 Nc6 9. Nf3 Qe4+ 10. Qe2 Nge7 11. Qxe4 dxe4 12. Ng5 Nxe5 13. Nxe4 O-O 14.
Bf4 N7g6 15. Be3 Ng4 16. Bd2 Bd7 17. f3 Bc6 18. Bd3 N4e5 19. Nd6 Rfd8 20. Bxg6
hxg6 21. Bf4 Nd7 22. Be3 b6 23. cxb6 Nxb6 24. Bxb6 axb6 25. Nc4 b5 26. Ne3 Ra4
27. Ke2 Rda8 28. Rhb1 f6 29. Rb4 Rxa3 30. Rxa3 Rxa3 31. c4 bxc4 32. Nxc4 Ra1
33. Ne3 Kf7 34. Rb6 Ba8 35. c4 Ra2+ 36. Kd3 Ke7 37. Nc2 e5 38. c5 e4+ 39. fxe4
Bxe4+ 40. Kxe4 Rxc2 41. Kd5 Rd2+ 42. Kc6 Rxg2 43. Rb7+ Ke6 44. Rxg7 1/2-1/2

[Event "Madrid-chT 1920"]
[Site "Madrid"]
[Date "2019.11.24"]
[Round "1.4"]
[White "Guerrero Vargas, Andres Jesus"]
[Black "Ingunza Curro, Andres"]
[Result "1-0"]
[WhiteElo "2334"]
[BlackElo "2123"]
[PlyCount "65"]
[EventDate "2019.11.24"]
[EventType "team-tourn"]
[EventRounds "14"]
[EventCountry "ESP"]
[SourceVersionDate "2019.11.24"]
[WhiteTeam "Villalba 64"]
[BlackTeam "Tajamar"]
[WhiteTeamCountry "ESP"]
[BlackTeamCountry "ESP"]

1. e4 e5 2. Nf3 Nc6 3. Nc3 Nf6 4. Bb5 Nd4 5. Bc4 c6 6. Nxe5 d5 7. exd5 cxd5 8.
Bb5+ Nxb5 9. Nxb5 a6 10. Nd4 Bc5 11. Ndf3 O-O 12. d4 Be7 13. O-O Bf5 14. c3 Ne4
15. Ne1 f6 16. N5d3 Qb6 17. Nf4 Rfd8 18. Nc2 Bd6 19. Nxd5 Bxh2+ 20. Kxh2 Rxd5
21. Ne3 Qd6+ 22. Kg1 Be6 23. Nxd5 Bxd5 24. Re1 Rc8 25. Qg4 Qc6 26. c4 Qxc4 27.
Rxe4 f5 28. Qxf5 Rf8 29. Qe5 Bxe4 30. Qxe4 Qf7 31. Be3 Re8 32. Qf3 Qxf3 33.
gxf3 1-0

[Event "Madrid-chT 1920"]
[Site "Madrid"]
[Date "2019.11.24"]
[Round "1.5"]
[White "Martinez Aragon, Aitor"]
[Black "Aymerich Verdaguer, Eduard"]
[Result "1-0"]
[WhiteElo "1979"]
[BlackElo "2229"]
[PlyCount "111"]
[EventDate "2019.11.24"]
[EventType "team-tourn"]
[EventRounds "14"]
[EventCountry "ESP"]
[SourceVersionDate "2019.11.24"]
[WhiteTeam "Tajamar"]
[BlackTeam "Villalba 64"]
[WhiteTeamCountry "ESP"]
[BlackTeamCountry "ESP"]

1. e4 c5 2. Nf3 e6 3. d4 cxd4 4. Nxd4 Nc6 5. Nc3 Qc7 6. g3 a6 7. Bg2 Nf6 8. O-O
Nxd4 9. Qxd4 Bc5 10. Bf4 d6 11. Qd2 h6 12. Be3 Bxe3 13. Qxe3 O-O 14. Rfd1 e5
15. Rd3 b5 16. a3 Be6 17. Rad1 Rfd8 18. Qd2 Ne8 19. Nd5 Bxd5 20. Rxd5 Nf6 21.
Rd3 a5 22. c3 Ra6 23. h3 Qc4 24. Qe3 Rc6 25. f4 Qe6 26. fxe5 Qxe5 27. Qf4 Re8
28. Rxd6 Rxd6 29. Rxd6 Qxf4 30. gxf4 Nxe4 31. Rb6 Ng3 32. Kf2 Ne2 33. Rxb5 Nxf4
34. Bf1 Ra8 35. c4 g5 36. c5 a4 37. c6 Rc8 38. Rc5 Kf8 39. Kg3 Ke7 40. Bb5 Kd6
41. Rc2 f5 42. Bxa4 Nd5 43. b4 h5 44. Rc5 f4+ 45. Kf3 Re8 46. c7 Re3+ 47. Kf2
Nxc7 48. Rc6+ Ke5 49. Rxc7 Rxh3 50. Rc5+ Kf6 51. Be8 h4 52. b5 g4 53. b6 Rxa3
54. b7 g3+ 55. Ke1 Re3+ 56. Kf1 1-0

[Event "Madrid-chT 1920"]
[Site "Madrid"]
[Date "2019.11.24"]
[Round "1.6"]
[White "Ruano Marco, Javier"]
[Black "Sahuquillo Cruz, Alejandro"]
[Result "1-0"]
[WhiteElo "2163"]
[BlackElo "1969"]
[PlyCount "75"]
[EventDate "2019.11.24"]
[EventType "team-tourn"]
[EventRounds "14"]
[EventCountry "ESP"]
[SourceVersionDate "2019.11.24"]
[WhiteTeam "Villalba 64"]
[BlackTeam "Tajamar"]
[WhiteTeamCountry "ESP"]
[BlackTeamCountry "ESP"]

1. e4 c5 2. d3 Nc6 3. g3 g6 4. Bg2 Bg7 5. c3 d6 6. f4 e6 7. Nf3 Nge7 8. O-O O-O
9. Be3 b6 10. d4 Ba6 11. Re1 cxd4 12. Nxd4 Nxd4 13. Bxd4 e5 14. Be3 Qd7 15. Qd2
Rad8 16. a4 exf4 17. Bxf4 Nc6 18. Bg5 f6 19. Be3 Kh8 20. Na3 Ne5 21. b3 Qg4 22.
Qd1 Qxd1 23. Rexd1 f5 24. Nb5 Ng4 25. Bd4 Bxb5 26. axb5 Rf7 27. exf5 gxf5 28.
Ra4 Bxd4+ 29. Raxd4 Rf6 30. Ra1 Rf7 31. Rda4 Rdd7 32. Bc6 Rde7 33. Bd5 Rg7 34.
Rc4 h6 35. Rc8+ Kh7 36. Rf8 Kg6 37. Bc6 Rgf7 38. Be8 1-0

[Event "Madrid-chT 1920"]
[Site "Madrid"]
[Date "2019.11.30"]
[Round "2.1"]
[White "Martinez Reyes, Pedro Ramon"]
[Black "Elissalt Cardenas, Hector"]
[Result "1/2-1/2"]
[WhiteElo "2411"]
[BlackElo "2280"]
[PlyCount "39"]
[EventDate "2019.11.24"]
[EventType "team-tourn"]
[EventRounds "14"]
[EventCountry "ESP"]
[SourceVersionDate "2019.11.24"]
[WhiteTeam "Blanco y Negro"]
[BlackTeam "Tajamar"]
[WhiteTeamCountry "ESP"]
[BlackTeamCountry "ESP"]

1. e4 d6 2. d4 Nf6 3. Nc3 e5 4. Nf3 Nbd7 5. g4 g6 6. g5 Nh5 7. Bh3 Bg7 8. Bg4
Nf4 9. Bxf4 exf4 10. Qe2 Nb6 11. Rg1 O-O 12. O-O-O Qe7 13. h4 Be6 14. h5 c5 15.
dxc5 dxc5 16. hxg6 hxg6 17. e5 Rfe8 18. Ne4 Bxg4 19. Rxg4 Qe6 20. Rxf4 1/2-1/2

[Event "Madrid-chT 1920"]
[Site "Madrid"]
[Date "2019.11.30"]
[Round "2.2"]
[White "Rodriguez Lopez, David"]
[Black "Taboas Rodriguez, Daniel"]
[Result "1/2-1/2"]
[WhiteElo "2149"]
[BlackElo "2351"]
[PlyCount "79"]
[EventDate "2019.11.24"]
[EventType "team-tourn"]
[EventRounds "14"]
[EventCountry "ESP"]
[SourceVersionDate "2019.11.24"]
[WhiteTeam "Tajamar"]
[BlackTeam "Blanco y Negro"]
[WhiteTeamCountry "ESP"]
[BlackTeamCountry "ESP"]

1. e4 e6 2. d4 d5 3. Bd3 dxe4 4. Bxe4 Nf6 5. Bf3 Nbd7 6. Ne2 e5 7. O-O Be7 8.
Ng3 O-O 9. Be3 exd4 10. Bxd4 Bc5 11. Bxc5 Nxc5 12. Nc3 c6 13. Qxd8 Rxd8 14.
Rad1 Be6 15. Nge4 Nfxe4 16. Nxe4 Nxe4 17. Bxe4 f5 18. Bd3 Kf7 19. f4 Kf6 20. a3
Rd5 21. Be2 Rad8 22. Rxd5 Bxd5 23. Rd1 Re8 24. Bd3 g5 25. fxg5+ Kxg5 26. Rf1
Be4 27. Re1 Kf4 28. Kf2 h5 29. g3+ Ke5 30. Bxe4 fxe4 31. Rd1 Rf8+ 32. Ke2 h4
33. Rd7 hxg3 34. hxg3 Rg8 35. Rxb7 Rxg3 36. Rxa7 Rg2+ 37. Ke3 Rxc2 38. Ra5+ c5
39. b4 Kd5 40. Rxc5+ 1/2-1/2

[Event "Madrid-chT 1920"]
[Site "Madrid"]
[Date "2019.11.30"]
[Round "2.3"]
[White "Ballester Llagaria, Luis Eduardo"]
[Black "Mkrtchyan, Levon"]
[Result "1/2-1/2"]
[WhiteElo "2312"]
[BlackElo "2138"]
[PlyCount "212"]
[EventDate "2019.11.24"]
[EventType "team-tourn"]
[EventRounds "14"]
[EventCountry "ESP"]
[SourceVersionDate "2019.11.24"]
[WhiteTeam "Blanco y Negro"]
[BlackTeam "Tajamar"]
[WhiteTeamCountry "ESP"]
[BlackTeamCountry "ESP"]

1. e4 e6 2. d4 d5 3. Nd2 Be7 4. Ngf3 Nf6 5. e5 Nfd7 6. Bd3 c5 7. c3 Nc6 8. O-O
a5 9. a4 b6 10. Re1 Ba6 11. Bxa6 Rxa6 12. Nf1 Ra8 13. g3 Rc8 14. Bd2 cxd4 15.
cxd4 Nb4 16. Bc3 O-O 17. Ne3 Nb8 18. h4 Qd7 19. Ng2 Qc6 20. Nf4 Qc4 21. Nd2 Qa6
22. Nf1 Rc7 23. Ne3 Rfc8 24. Qg4 Bf8 25. Red1 b5 26. axb5 Qxb5 27. Nh5 Nd7 28.
f4 g6 29. f5 exf5 30. Nxf5 Kh8 31. Rf1 gxh5 32. Qxh5 Qb6 33. Ne3 Bg7 34. Rxf7
Nxe5 35. Rxc7 Qxc7 36. dxe5 Qc5 37. Bd2 d4 38. Rc1 Qf8 39. Rxc8 Qxc8 40. Qg4
Qc5 41. Nf5 Bxe5 42. Nh6 d3+ 43. Kf1 Qf8+ 44. Kg1 Nc6 45. Be3 d2 46. Qd1 Nd4
47. Kg2 Qa8+ 48. Kh3 Qf3 49. Qxf3 Nxf3 50. Bxd2 Bxb2 51. Bxa5 Kg7 52. Nf5+ Kf6
53. Ne3 Bd4 54. Nc2 Be5 55. Ne3 Bd4 56. Nc2 Be5 57. Bb6 Nd2 58. Bd8+ Kg6 59.
Ba5 Ne4 60. Be1 Bc3 61. Kg2 Bxe1 62. Nxe1 Kf5 63. Nc2 h5 64. Ne3+ Kg6 65. Kf3
Nf6 66. Kf4 Nd7 67. Nd5 Nc5 68. Ke5 Nd3+ 69. Kd4 Nf2 70. Ne3 Nh1 71. Nf1 Nf2
72. Ke5 Nd3+ 73. Ke4 Nf2+ 74. Kf3 Nd3 75. Ne3 Ne5+ 76. Ke4 Nd7 77. Ng2 Nc5+ 78.
Kd5 Nd3 79. Ke4 Nc5+ 80. Kf3 Nd7 81. Nf4+ Kh6 82. Ke4 Nf6+ 83. Kf5 Ng4 84. Nd3
Ne3+ 85. Ke4 Nf1 86. Kf4 Nd2 87. Ne5 Nb3 88. Nc6 Nc5 89. Kf5 Nb3 90. Ke5 Nd2
91. Nd4 Kg6 92. Kf4 Nc4 93. Nc6 Kf6 94. Nb4 Nb6 95. Ke4 Nc4 96. Nd5+ Kg6 97.
Nf4+ Kh6 98. Nd3 Nd2+ 99. Kf4 Nb3 100. Ne5 Nd4 101. Nf7+ Kg6 102. Nd6 Ne2+ 103.
Kf3 Nd4+ 104. Ke3 Nf5+ 105. Nxf5 Kxf5 106. Kf3 Ke5 1/2-1/2

[Event "Madrid-chT 1920"]
[Site "Madrid"]
[Date "2019.11.30"]
[Round "2.4"]
[White "Ingunza Curro, Andres"]
[Black "Hidalgo Duque, Carlos"]
[Result "0-1"]
[WhiteElo "2123"]
[BlackElo "2258"]
[PlyCount "72"]
[EventDate "2019.11.24"]
[EventType "team-tourn"]
[EventRounds "14"]
[EventCountry "ESP"]
[SourceVersionDate "2019.11.24"]
[WhiteTeam "Tajamar"]
[BlackTeam "Blanco y Negro"]
[WhiteTeamCountry "ESP"]
[BlackTeamCountry "ESP"]

1. e4 c5 2. Nf3 d6 3. Bb5+ Bd7 4. c4 Nf6 5. Nc3 Nc6 6. O-O g6 7. d4 cxd4 8.
Nxd4 Bg7 9. f3 O-O 10. Be3 a6 11. Bxc6 bxc6 12. b4 e5 13. Nb3 Be6 14. Qe2 Qc7
15. Rfc1 Rfd8 16. Nd5 cxd5 17. cxd5 Qb7 18. dxe6 fxe6 19. Na5 Qb5 20. Qxb5 axb5
21. a4 bxa4 22. Rxa4 Rdb8 23. Rc6 d5 24. Rxe6 dxe4 25. fxe4 Nxe4 26. Rc6 Bf8
27. Rc4 Nd6 28. Rc1 Nf5 29. Bc5 Nd4 30. Bxd4 exd4 31. Rc4 d3 32. Kf1 Bh6 33.
Re4 Rf8+ 34. Kg1 d2 35. Ra1 Rfc8 36. Rd1 Rc1 0-1

[Event "Madrid-chT 1920"]
[Site "Madrid"]
[Date "2019.11.30"]
[Round "2.5"]
[White "Martinez Rubi, Alberto"]
[Black "Sahuquillo Cruz, Alejandro"]
[Result "1/2-1/2"]
[WhiteElo "2108"]
[BlackElo "1969"]
[PlyCount "136"]
[EventDate "2019.11.24"]
[EventType "team-tourn"]
[EventRounds "14"]
[EventCountry "ESP"]
[SourceVersionDate "2019.11.24"]
[WhiteTeam "Blanco y Negro"]
[BlackTeam "Tajamar"]
[WhiteTeamCountry "ESP"]
[BlackTeamCountry "ESP"]

1. e4 c5 2. Nf3 Nc6 3. d4 cxd4 4. Nxd4 e5 5. Nb5 d6 6. c4 Be7 7. N1c3 a6 8. Na3
f5 9. exf5 Bxf5 10. Bd3 Be6 11. Qh5+ Bf7 12. Qh3 Nf6 13. O-O O-O 14. Bg5 g6 15.
Rad1 Nd4 16. Bxf6 Bxf6 17. Be4 Qb6 18. b3 Qb4 19. Nab1 Kg7 20. Bd5 Be8 21. Kh1
Rd8 22. Qd3 Bg5 23. Ne4 Bh6 24. Nbc3 Bd7 25. Ne2 Nxe2 26. Qxe2 Bf5 27. Ng3 b6
28. Qb2 Bf4 29. Bb7 a5 30. Rd5 a4 31. Rb5 a3 32. Nxf5+ Rxf5 33. Qc2 Qd2 34.
Qxd2 Bxd2 35. Rxb6 Be3 36. Ra6 Bc5 37. f3 Rf7 38. Be4 Rb8 39. Rb1 Rc7 40. g3 g5
41. Kg2 h6 42. Kf1 Kf6 43. Ke2 Ke7 44. Kd3 Kf6 45. Bd5 Re7 46. Ke4 Rc7 47. Rh1
Rg7 48. Rf1 Rc7 49. Ra4 Ra7 50. Rxa7 Bxa7 51. Rd1 Bc5 52. Rd2 Bb4 53. Re2 Bc5
54. Bc6 Rc8 55. Kd5 Rb8 56. Bd7 Ke7 57. Bg4 Kf6 58. Kc6 Rh8 59. Bh5 Rf8 60. Kd5
Rb8 61. Rg2 Rg8 62. Re2 Rb8 63. Re1 Rd8 64. Ke4 Rd7 65. Rb1 Rb7 66. Rf1 Re7 67.
Kd5 Rb7 68. h3 Rb8 1/2-1/2

[Event "Madrid-chT 1920"]
[Site "Madrid"]
[Date "2019.11.30"]
[Round "2.6"]
[White "Simonyan, Arturo"]
[Black "Herranz Sanchez, Pablo"]
[Result "1/2-1/2"]
[WhiteElo "1955"]
[BlackElo "2026"]
[PlyCount "83"]
[EventDate "2019.11.24"]
[EventType "team-tourn"]
[EventRounds "14"]
[EventCountry "ESP"]
[SourceVersionDate "2019.11.24"]
[WhiteTeam "Tajamar"]
[BlackTeam "Blanco y Negro"]
[WhiteTeamCountry "ESP"]
[BlackTeamCountry "ESP"]

1. e4 c5 2. Nf3 e6 3. d4 cxd4 4. Nxd4 Nf6 5. Nc3 Nc6 6. Nxc6 bxc6 7. Bd3 Bb4 8.
e5 Nd5 9. Bd2 Qa5 10. Ne4 Nf4 11. O-O Nxd3 12. cxd3 Bxd2 13. Nd6+ Ke7 14. Nc4
Qd5 15. Qxd2 f6 16. Rfe1 Ba6 17. Qc3 c5 18. Rad1 Rab8 19. b3 Bb7 20. exf6+ gxf6
21. Ne3 Qc6 22. d4 cxd4 23. Qxd4 Rhg8 24. Qh4 Rxg2+ 25. Kf1 Rg1+ 26. Ke2 Qa6+
27. Nc4 Qxa2+ 28. Nd2 Rxe1+ 29. Kxe1 Qc2 30. Qg3 Rf8 31. Nc4 Qe4+ 32. Kd2 Qd4+
33. Kc1 Qa1+ 34. Kd2 Qa6 35. Kc3 Bd5 36. Qe3 Bxc4 37. Qc5+ Ke8 38. bxc4 Rg8 39.
Rb1 Kf7 40. Qh5+ Rg6 41. Qxh7+ Rg7 42. Qh5+ 1/2-1/2

[Event "Madrid-chT 1920"]
[Site "Madrid"]
[Date "2019.12.01"]
[Round "2.1"]
[White "Reyes Penas, Sebastian"]
[Black "Vazquez Igarza, Renier"]
[Result "1/2-1/2"]
[WhiteElo "2220"]
[BlackElo "2562"]
[PlyCount "89"]
[EventDate "2019.11.24"]
[EventType "team-tourn"]
[EventRounds "14"]
[EventCountry "ESP"]
[SourceVersionDate "2019.11.24"]
[WhiteTeam "San Sebastian de los Reyes"]
[BlackTeam "Collado Villalba"]
[WhiteTeamCountry "ESP"]
[BlackTeamCountry "ESP"]

1. e4 c5 2. Nf3 d6 3. d4 cxd4 4. Nxd4 Nf6 5. Nc3 Nc6 6. g3 Bg4 7. f3 Bd7 8. Bg2
g6 9. Be3 Bg7 10. Nde2 O-O 11. O-O Qa5 12. a4 Rfc8 13. Qd2 Be6 14. Rad1 Nd7 15.
b3 a6 16. Nd5 Qxd2 17. Rxd2 b5 18. axb5 axb5 19. Nef4 Ra2 20. Nxe6 fxe6 21. Bh3
Kf7 22. f4 exd5 23. Bxd7 Rc7 24. exd5 Rxd7 25. dxc6 Rc7 26. Rff2 Rxc6 27. Kg2
Ke6 28. Rfe2 Kd7 29. Kf3 Rc3 30. Kg4 Bf6 31. f5 h5+ 32. Kf4 g5+ 33. Ke4 Kc6 34.
h3 b4 35. g4 h4 36. Kf3 Ra5 37. Kg2 Ra1 38. Bf2 Be5 39. Re4 Rc1 40. Rxb4 R1xc2
41. Rxc2 Rxc2 42. Rc4+ Rxc4 43. bxc4 d5 44. cxd5+ Kxd5 45. Kf3 1/2-1/2

[Event "Madrid-chT 1920"]
[Site "Madrid"]
[Date "2019.12.01"]
[Round "2.2"]
[White "Pulvett Marin, Daniel Eduardo"]
[Black "Martinez Fernandez, Raul"]
[Result "1-0"]
[WhiteElo "2487"]
[BlackElo "2203"]
[PlyCount "69"]
[EventDate "2019.11.24"]
[EventType "team-tourn"]
[EventRounds "14"]
[EventCountry "ESP"]
[SourceVersionDate "2019.11.24"]
[WhiteTeam "Collado Villalba"]
[BlackTeam "San Sebastian de los Reyes"]
[WhiteTeamCountry "ESP"]
[BlackTeamCountry "ESP"]

1. Nf3 d5 2. d4 Nf6 3. c4 c6 4. e3 Bg4 5. Nc3 Bxf3 6. Qxf3 e6 7. Bd2 Nbd7 8.
Bd3 Be7 9. g4 Nb6 10. c5 Nbd7 11. Qh3 g6 12. b4 e5 13. O-O O-O 14. Kh1 Ne8 15.
f4 exd4 16. exd4 Nc7 17. g5 f5 18. gxf6 Bxf6 19. Rg1 Rf7 20. f5 g5 21. Qh5 Rg7
22. Rg4 h6 23. Rag1 Rh7 24. Ne2 Ne8 25. Qh3 Ng7 26. Qf3 Qe7 27. R1g2 Rf8 28. h4
h5 29. Rxg5 Bxg5 30. Bxg5 Nf6 31. Nf4 Qe1+ 32. Rg1 Qxb4 33. Ne6 Rf7 34. Bxf6
Rxf6 35. Qg3 1-0

[Event "Madrid-chT 1920"]
[Site "Madrid"]
[Date "2019.12.01"]
[Round "2.3"]
[White "Quevedo Marin, Manuel"]
[Black "Moreno Ruiz, Javier"]
[Result "1/2-1/2"]
[WhiteElo "2210"]
[BlackElo "2457"]
[PlyCount "80"]
[EventDate "2019.11.24"]
[EventType "team-tourn"]
[EventRounds "14"]
[EventCountry "ESP"]
[SourceVersionDate "2019.11.24"]
[WhiteTeam "San Sebastian de los Reyes"]
[BlackTeam "Collado Villalba"]
[WhiteTeamCountry "ESP"]
[BlackTeamCountry "ESP"]

1. d4 Nf6 2. c4 e6 3. Nc3 Bb4 4. g3 c5 5. Nf3 Ne4 6. Qd3 Qa5 7. Qxe4 Bxc3+ 8.
Bd2 Bxd2+ 9. Nxd2 Nc6 10. dxc5 b6 11. Bg2 Bb7 12. Qf4 bxc5 13. O-O Nd4 14. Qg4
Bxg2 15. Nb3 Qc7 16. Qxg7 Bb7 17. Nxd4 O-O-O 18. Nf3 f5 19. Qe5 Qxe5 20. Nxe5
Rhf8 21. Nd3 d6 22. Nf4 Kd7 23. Rfd1 Ke7 24. Rac1 Bc6 25. Rc3 Rb8 26. Re3 e5
27. b3 a5 28. Nd5+ Bxd5 29. Rxd5 h5 30. Red3 Rf6 31. Rf3 Rbf8 32. h4 Ke6 33.
Rfd3 Ke7 34. e3 Rg8 35. Kf1 Rgf8 36. Ke2 Rb8 37. Kd1 Rb6 38. Kc2 Ke6 39. Rd2
Rf7 40. Rd1 Rfb7 1/2-1/2

[Event "Madrid-chT 1920"]
[Site "Madrid"]
[Date "2019.12.01"]
[Round "2.4"]
[White "Martin Duque, Jesus"]
[Black "Alfaya Marcelo, Roberto"]
[Result "1-0"]
[WhiteElo "2430"]
[BlackElo "2171"]
[PlyCount "97"]
[EventDate "2019.11.24"]
[EventType "team-tourn"]
[EventRounds "14"]
[EventCountry "ESP"]
[SourceVersionDate "2019.11.24"]
[WhiteTeam "Collado Villalba"]
[BlackTeam "San Sebastian de los Reyes"]
[WhiteTeamCountry "ESP"]
[BlackTeamCountry "ESP"]

1. e4 c5 2. Nf3 d6 3. d4 cxd4 4. Nxd4 Nf6 5. Nc3 a6 6. Be3 e6 7. Be2 Be7 8. a4
Nc6 9. O-O O-O 10. f4 Qc7 11. Kh1 Re8 12. Bf3 Bf8 13. g4 Rb8 14. g5 Nd7 15. Bg2
Nxd4 16. Bxd4 e5 17. Nd5 Qd8 18. Ba7 Ra8 19. Bg1 exf4 20. Rxf4 Qxg5 21. Ra3 Re5
22. Qf1 Rxd5 23. exd5 Ne5 24. Bd4 Qe7 25. Re3 Rb8 26. c4 Qc7 27. c5 Ng6 28.
cxd6 Bxd6 29. Re8+ Nf8 30. Rf2 Qd7 31. Re3 Qxa4 32. Bxg7 Kxg7 33. Rxf7+ Kg8 34.
Re4 Qc2 35. Re8 Bf5 36. Rfxf8+ Bxf8 37. Rxb8 Qc7 38. Rxf8+ Kxf8 39. Qxf5+ Kg7
40. Qg4+ Kf8 41. Qf3+ Ke7 42. Qe3+ Kf8 43. Qh6+ Kg8 44. Bh3 Qd8 45. Be6+ Kh8
46. Qf4 Kg7 47. Qf7+ Kh6 48. Qf4+ Kg7 49. h4 1-0

[Event "Madrid-chT 1920"]
[Site "Madrid"]
[Date "2019.12.01"]
[Round "2.5"]
[White "Guillo Longares, Cecilia"]
[Black "Quispe Arteaga, Gabriel"]
[Result "0-1"]
[WhiteElo "2143"]
[BlackElo "2407"]
[PlyCount "80"]
[EventDate "2019.11.24"]
[EventType "team-tourn"]
[EventRounds "14"]
[EventCountry "ESP"]
[SourceVersionDate "2019.11.24"]
[WhiteTeam "San Sebastian de los Reyes"]
[BlackTeam "Collado Villalba"]
[WhiteTeamCountry "ESP"]
[BlackTeamCountry "ESP"]

1. d4 Nf6 2. c4 e6 3. Nf3 a6 4. g3 b5 5. b3 Bb7 6. Bg2 Bb4+ 7. Bd2 Be7 8. O-O
O-O 9. Bc3 d5 10. Ne5 Ne4 11. Bb2 f6 12. Nd3 f5 13. c5 Bf6 14. f3 Ng5 15. Nd2
Nc6 16. e3 a5 17. f4 Ne4 18. Nf3 b4 19. Nde5 Bxe5 20. Nxe5 Nxe5 21. fxe5 Ba6
22. Re1 Qg5 23. Qf3 a4 24. Qd1 h5 25. bxa4 h4 26. gxh4 Qxh4 27. Qf3 g5 28. a3
b3 29. Rac1 Kg7 30. Bf1 Rh8 31. Qg2 Bxf1 32. Rxf1 Rxa4 33. Rb1 Rc4 34. Rbc1 g4
35. Rf4 Rxc1+ 36. Bxc1 Ng5 37. Rf1 Kf7 38. Kh1 g3 39. e4 Qxh2+ 40. Qxh2 Rxh2+
0-1

[Event "Madrid-chT 1920"]
[Site "Madrid"]
[Date "2019.12.01"]
[Round "2.6"]
[White "Lianes Garcia, Marcos"]
[Black "Hernandez Ramos, David"]
[Result "1-0"]
[WhiteElo "2340"]
[BlackElo "2068"]
[PlyCount "106"]
[EventDate "2019.11.24"]
[EventType "team-tourn"]
[EventRounds "14"]
[EventCountry "ESP"]
[SourceVersionDate "2019.11.24"]
[WhiteTeam "Collado Villalba"]
[BlackTeam "San Sebastian de los Reyes"]
[WhiteTeamCountry "ESP"]
[BlackTeamCountry "ESP"]

1. d4 e6 2. c4 Nf6 3. Nf3 d5 4. g3 Be7 5. Bg2 O-O 6. O-O b6 7. b3 Bb7 8. cxd5
Nxd5 9. Bb2 Nf6 10. Nbd2 Nbd7 11. Nc4 Ne4 12. Qc2 Nd6 13. Rfd1 Be4 14. Qc1 Rc8
15. Nfe5 Bxg2 16. Kxg2 Nb8 17. Qf4 Qe8 18. Rac1 f6 19. Nf3 Nxc4 20. Rxc4 Bd6
21. Qe4 Qe7 22. Rdc1 Rcd8 23. Qb7 c6 24. Qxe7 Bxe7 25. Ne1 Rd7 26. Nd3 Rfd8 27.
Kf3 Kf7 28. R4c2 Rd5 29. Kg2 Ra5 30. Bc3 Rad5 31. b4 g5 32. a3 h6 33. f4 R5d7
34. Bb2 Bd6 35. Kf3 Rg8 36. e3 Rc8 37. Nf2 Rdc7 38. Ne4 Be7 39. g4 Nd7 40. f5
exf5 41. gxf5 h5 42. d5 g4+ 43. Ke2 Bf8 44. Rxc6 Rxc6 45. dxc6 Ne5 46. Bxe5
fxe5 47. b5 Be7 48. Rd1 Rc7 49. a4 Bb4 50. Rd5 Re7 51. Kf2 Ke8 52. f6 Rc7 53.
Rxe5+ Kf7 1-0

[Event "Madrid-chT 1920"]
[Site "Madrid"]
[Date "2019.11.30"]
[Round "2.1"]
[White "Espinosa Aranda, Angel"]
[Black "Gago Padreny, Ignacio"]
[Result "1/2-1/2"]
[WhiteElo "2511"]
[BlackElo "2276"]
[PlyCount "49"]
[EventDate "2019.11.24"]
[EventType "team-tourn"]
[EventRounds "14"]
[EventCountry "ESP"]
[SourceVersionDate "2019.11.24"]
[WhiteTeam "Virgen de Atocha"]
[BlackTeam "Getafe"]
[WhiteTeamCountry "ESP"]
[BlackTeamCountry "ESP"]

1. d4 Nf6 2. Nf3 e6 3. e3 d5 4. Bd3 c5 5. b3 Nbd7 6. O-O Bd6 7. Bb2 Qc7 8. c4
dxc4 9. Bxc4 O-O 10. dxc5 Bxc5 11. Nbd2 a6 12. Rc1 Qd6 13. Qc2 Ba3 14. Rfd1
Bxb2 15. Qxb2 b5 16. Be2 Qb6 17. Qd4 Bb7 18. a4 bxa4 19. Qxa4 a5 20. Nc4 Qb4
21. Nd4 Rfd8 22. Qxb4 axb4 23. Nd6 Bd5 24. Bf3 Ne5 25. Bxd5 1/2-1/2

[Event "Madrid-chT 1920"]
[Site "Madrid"]
[Date "2019.11.30"]
[Round "2.2"]
[White "Khudov, Oleksandr"]
[Black "Almagro Llamas, Pablo"]
[Result "0-1"]
[WhiteElo "2264"]
[BlackElo "2467"]
[PlyCount "104"]
[EventDate "2019.11.24"]
[EventType "team-tourn"]
[EventRounds "14"]
[EventCountry "ESP"]
[SourceVersionDate "2019.11.24"]
[WhiteTeam "Getafe"]
[BlackTeam "Virgen de Atocha"]
[WhiteTeamCountry "ESP"]
[BlackTeamCountry "ESP"]

1. d4 Nf6 2. Bf4 g6 3. e3 Bg7 4. Nf3 d6 5. h3 O-O 6. Be2 Nbd7 7. O-O b6 8. c3
Bb7 9. Nbd2 e6 10. a4 a5 11. Bh2 Qe7 12. Nc4 Ne4 13. Nfd2 Nxd2 14. Nxd2 e5 15.
dxe5 Nxe5 16. Nf3 Rad8 17. Nd4 h5 18. Bf4 d5 19. Qb3 h4 20. Rad1 c5 21. Nf3 Rd6
22. Kh1 Rfd8 23. Rfe1 Bf6 24. Bh2 Kg7 25. Rd2 Nxf3 26. Bxf3 Be5 27. Bxe5+ Qxe5
28. Red1 Bc6 29. Qa3 Rf6 30. c4 Rxf3 31. gxf3 d4 32. e4 Rd6 33. Qd3 Rf6 34. b3
Rxf3 35. Qxf3 Bxe4 36. Qxe4 Qxe4+ 37. Kg1 g5 38. Rd3 Kg6 39. Kh2 f6 40. Kg1 f5
41. Kh2 Kf6 42. Kg1 Kg6 43. Kh2 Qe2 44. Kg2 g4 45. R1d2 Qe1 46. Rd1 Qe4+ 47.
Kh2 Kg5 48. R1d2 Qe1 49. Kg2 Kf4 50. Rd1 Qe4+ 51. Kg1 Qe2 52. Kg2 Ke4 0-1

[Event "Madrid-chT 1920"]
[Site "Madrid"]
[Date "2019.11.30"]
[Round "2.3"]
[White "Plazuelo Pascual, Juan"]
[Black "Walter, Florian"]
[Result "1/2-1/2"]
[WhiteElo "2433"]
[BlackElo "2213"]
[PlyCount "80"]
[EventDate "2019.11.24"]
[EventType "team-tourn"]
[EventRounds "14"]
[EventCountry "ESP"]
[SourceVersionDate "2019.11.24"]
[WhiteTeam "Virgen de Atocha"]
[BlackTeam "Getafe"]
[WhiteTeamCountry "ESP"]
[BlackTeamCountry "ESP"]

1. d4 Nf6 2. c4 g6 3. Nc3 d5 4. cxd5 Nxd5 5. Na4 Bg7 6. e4 Nb6 7. Be3 Nc6 8.
Nf3 Bg4 9. Bb5 O-O 10. Bxc6 bxc6 11. Nc5 Nc4 12. Qc2 Nxe3 13. fxe3 e5 14. dxe5
Bxf3 15. gxf3 Qh4+ 16. Qf2 Qe7 17. Nd3 Bxe5 18. O-O-O Bg7 19. Qc2 Rab8 20. Rd2
Rfd8 21. Qc4 Bxb2+ 22. Kd1 Bg7 23. Ke2 Qh4 24. Rc2 Rb6 25. e5 Qxc4 26. Rxc4
Bxe5 27. Rhc1 Bxh2 28. f4 h5 29. Rxc6 Rxc6 30. Rxc6 h4 31. Nf2 Rb8 32. Rxc7
Rb2+ 33. Kf3 Rxa2 34. Ng4 f5 35. Nxh2 Rxh2 36. Rxa7 Rh3+ 37. Kf2 Rg3 38. Rb7
Rg4 39. Kf3 h3 40. Rb2 Kf7 1/2-1/2